| 000 | 00797nam a2200205 a 4500 | ||
|---|---|---|---|
| 001 | 000029780 | ||
| 005 | 20240307073948.0 | ||
| 008 | 110425s2004 dr acd 000 0 spa d | ||
| 040 |
_aDO-SdBNP _bspa _cBNPHU |
||
| 082 |
_axxx _bU54n |
||
| 245 | 0 | 4 |
_aUna nueva UASD : _brendición de cuentas del Rector, Dr. Porfirio García Fernández, ante el Claustro Universitario. |
| 260 |
_aSanto Domingo : _bUASD, _c2004. |
||
| 300 |
_a48 p. : _bil. ; retrs. ; diagram. ; _c21 cm. |
||
| 490 | 1 |
_aPublicaciones de la Universidad Autónoma de Santo Domingo _v1192 |
|
| 490 | 1 |
_aActos académicos _v165 |
|
| 710 | 1 |
_aUniversidad Autónoma de Santo Domingo _972951 |
|
| 830 | 0 |
_aPublicaciones de la Universidad Autónoma de Santo Domingo _n1192 _956540 |
|
| 830 | 0 |
_aActos Académicos _n165 _956541 |
|
| 049 | _aBNPD | ||
| 999 |
_c29272 _d29272 |
||